[Event "BRA-ch U18"]
[Site "Aracaju"]
[Date "2024.05.23"]
[Round "4"]
[White "De Souza, Carlos Eduardo Roch"]
[Black "Rocha, Lucas De Oliveira"]
[Result "1-0"]
[WhiteElo "1805"]
[BlackElo "1869"]
[PlyCount "59"]
[EventDate "2024.05.22"]
[EventType "swiss"]
[EventRounds "6"]
[EventCountry "BRA"]
[SourceTitle "CB22_2024"]
[SourceDate "2024.05.29"]
[SourceVersion "1"]
[SourceVersionDate "2024.05.29"]
[SourceQuality "1"]

1. e4 c5 2. Nf3 d6 3. d4 cxd4 4. Nxd4 Nf6 5. Nc3 a6 6. Bg5 e6 7. Bd3 Be7 8. Qd2 h6 9. Be3 Ng4 10. Nb3 Nxe3 11. Qxe3 Qc7 12. h4 Nd7 13. f4 b5 14. a3 Nb6 15. 0-0-0 Nc4 16. Bxc4 bxc4 17. Nd2 0-0 18. g4 Bd7 19. f5 Rab8 20. g5 Rfc8 21. f6 Qb7 22. b3 cxb3 23. Nxb3 Bf8 24. gxh6 g6 25. h5 d5 26. h7+ Kh8 27. hxg6 Bxa3+ 28. Kd2 fxg6 29. Qh6 Be8 30. Qg7+ 1-0